00605nam a2200169 i 4500001000300000100002100003245010500024260004800129300001800177500003800195504003400233040000800267041000800275080001300283008004100296856009800337bg1 aGÓRSKI, Janusz 0aOrganizacja pamięci dla efektywnego wyszukiwania informacji. [Praca doktorska] /cJanusz Górski. aWarszawa :bPaństw. Wydawn. Nauk.,c1977. as. 95 :brys. a[Streszcz. w jęz. ang. i ros.]. a[Zawiera bibliogr. s. 72-73]. cBPK apol a681.3.06 s pl f |000 0 pol  uhttp://koha.tu.koszalin.pl/cgi-bin/koha/opac-detail.pl?biblionumber=17494yKatalog online BPK